000
00321 a2200109 4500
001
ART_18419
005
20260410161702.0
008
260409a
245
1
0
_a
Regímenes de retención y percepción del IVA
100
1
_a
Januszewski, Karina
773
0
_t
Revista Impuestos
_g
- Nº 1 (ene. 2013)
_w
REV639
999
_c
15226
_d
15226